[Event "Skovbo GM 2014"]
[Site "?"]
[Date "2014.09.12"]
[Round "6.1"]
[White "Bekker-Jensen, Simon"]
[Black "Antonsen, Mikkel Djernæs"]
[Result "1-0"]
[WhiteElo "2442"]
[BlackElo "2459"]
[PlyCount "111"]
[EventDate "2014.??.??"]

1. e4 e6 2. d4 d5 3. Nd2 Be7 4. e5 c5 5. c3 Nc6 6. Bd3 cxd4 7. cxd4 Nh6 8. Ndf3
Nf5 9. Ne2 Nh4 10. Nxh4 Bb4+ 11. Bd2 Qxh4 12. Bxb4 Nxb4 13. Bb5+ Nc6 14. Rc1
Bd7 15. Qb3 O-O 16. Bxc6 Bxc6 17. O-O a6 18. a4 f6 19. f4 Qg4 20. Rf2 Qg6 21.
Qd1 Rad8 22. exf6 Rxf6 23. Rc3 Rdf8 24. b3 Qe8 25. Qd2 b5 26. a5 b4 27. Rcf3
Qe7 28. Nc1 Bb5 29. Na2 Rc8 30. Nxb4 Rff8 31. g3 Qf6 32. f5 Rce8 33. g4 Qh4 34.
Qf4 Qe7 35. Nc2 Qd8 36. Ne3 Qxa5 37. Qe5 Qe1+ 38. Kg2 Bd3 39. Kg3 Be4 40. Ng2
Qb4 41. fxe6 Rxf3+ 42. Rxf3 Bxf3 43. Kxf3 Qb6 44. Nf4 Qxb3+ 45. Kg2 Qc2+ 46.
Kg3 Qe4 47. Qxe4 dxe4 48. d5 Rd8 49. e7 Rb8 50. d6 Kf7 51. Nd5 Ke8 52. Nc7+ Kd7
53. Nxa6 Rb3+ 54. Kf4 e3 55. Nc7 g5+ 56. Kf3 1-0

[Event "Skovbo GM 2014"]
[Site "?"]
[Date "2014.09.12"]
[Round "6.2"]
[White "Burmakin, Vladimir"]
[Black "Danielsen, Henrik"]
[Result "1-0"]
[WhiteElo "2584"]
[BlackElo "2488"]
[PlyCount "153"]
[EventDate "2014.??.??"]
[WhiteClock "0:04:03"]
[BlackClock "0:01:58"]

1. d4 d6 2. g3 Nd7 3. Bg2 e5 4. c4 g6 5. Nc3 Bg7 6. Nf3 Ne7 7. h4 h5 8. Bg5 f6
9. Bd2 Nf5 10. dxe5 dxe5 11. Qc2 c6 12. Ne4 Qe7 13. O-O-O O-O 14. Bh3 Nd4 15.
Nxd4 exd4 16. Rhe1 Re8 17. f3 f5 18. Ng5 Ne5 19. e4 d3 20. Qb3 Qc5 21. Bc3 Qxc4
22. f4 Qxb3 23. axb3 Nf7 24. Bxg7 Kxg7 25. Rxd3 Rxe4 26. Nxe4 fxe4 27. Bxc8
exd3 28. Bxb7 Rb8 29. Ba6 Rxb3 30. Re7 d2+ 31. Kxd2 Rxb2+ 32. Kc3 Rb8 33. Bc4
Rf8 34. Rc7 c5 35. Rxa7 Kf6 36. Ra6+ Kg7 37. Bd3 Nh8 38. Rc6 Rf6 39. Rxc5 Nf7
40. Rc7 Kf8 41. Bc2 Nd6 42. Rc5 Kg7 43. Kd4 Nf7 44. f5 gxf5 45. Bxf5 Rd6+ 46.
Ke3 Rh6 47. Bc2 Kf6 48. Kf4 Rh8 49. Bd1 Kg6 50. Rc6+ Kg7 51. Bb3 Rb8 52. Bc4
Rb4 53. Rc7 Kg6 54. Ke3 Ne5 55. Be2 Ng4+ 56. Kf3 Rb3+ 57. Kf4 Rb4+ 58. Bc4 Nf2
59. Rc6+ Kg7 60. Kf5 Ra4 61. Rg6+ Kh7 62. Bg8+ Kh8 63. Bd5 Ra5 64. Ke6 Ng4 65.
Rg5 Ra6+ 66. Kf5 Rf6+ 67. Ke4 Rh6 68. Bf7 Nf6+ 69. Kf5 Ng4 70. Rxh5 Rxh5+ 71.
Bxh5 Nf2 72. Bf3 Kg7 73. Be4 Kh6 74. Kf4 Kh5 75. Kf3 Nh1 76. Bg6+ Kxg6 77. g4
1-0

[Event "Skovbo GM 2014"]
[Site "?"]
[Date "2014.09.12"]
[Round "6.3"]
[White "Ahlander, Björn"]
[Black "Okhotnik, Vladimir"]
[Result "1/2-1/2"]
[WhiteElo "2385"]
[BlackElo "2391"]
[PlyCount "167"]
[EventDate "2014.??.??"]
[WhiteClock "0:00:42"]
[BlackClock "0:37:39"]

1. e4 d6 2. d4 Nf6 3. Nc3 e5 4. Nf3 Nbd7 5. Bc4 Be7 6. O-O O-O 7. Re1 c6 8. a4
Qc7 9. h3 a5 10. Ba2 h6 11. Be3 Re8 12. Nh4 Nf8 13. Qf3 exd4 14. Bxd4 Be6 15.
Nf5 Bxf5 16. Qxf5 Qd7 17. Qf3 Ne6 18. Be3 Bf8 19. Bxh6 gxh6 20. Qxf6 Bg7 21.
Qf3 Nc5 22. Rad1 Rad8 23. Re3 Qe7 24. Qh5 Rd7 25. Rde1 Qe5 26. Qg4 Qg5 27. Qd1
Re5 28. Rg3 Qh5 29. Rg4 Rg5 30. Rxg5 Qxg5 31. Re3 Qh4 32. Rg3 Kf8 33. Qf3 Be5
34. Rg4 Qf6 35. Qf5 Qxf5 36. exf5 Bxc3 37. bxc3 d5 38. Rd4 Re7 39. Kf1 Re4 40.
Bb3 Ke7 41. f3 Re3 42. c4 Nxb3 43. cxb3 dxc4 44. bxc4 Ra3 45. c5 Rc3 46. f6+
Kxf6 47. Rd7 Rxc5 48. Rxb7 Rc4 49. Rc7 Ke6 50. g4 Kf6 51. Kf2 Kg7 52. Ke3 c5
53. Rc6 Rc3+ 54. Ke4 Rc1 55. h4 c4 56. Kd4 Rf1 57. Ke3 Rc1 58. Rc5 c3 59. Rxa5
Re1+ 60. Kd3 Rc1 61. Rc5 Ra1 62. a5 Ra3 63. Kc2 Kg6 64. h5+ Kg7 65. Rb5 Kh7 66.
f4 Kg7 67. Rc5 Kg8 68. Kd3 Kg7 69. Kc4 c2 70. Kb4 Ra2 71. Kb5 Rb2+ 72. Kc6 Ra2
73. Kb6 Rb2+ 74. Ka6 f6 75. Rc7+ Kg8 76. Ka7 Kh8 77. a6 Kg8 78. Ka8 Kh8 79. Ka7
Kg8 80. Ka8 Kh8 81. Ka7 Kg8 82. Ka8 Kh8 83. Rc3 Kg7 84. Rc7+ 1/2-1/2

[Event "Skovbo GM 2014"]
[Site "?"]
[Date "2014.09.12"]
[Round "6.4"]
[White "Percivaldi, Martin"]
[Black "Semcesen, Daniel"]
[Result "0-1"]
[WhiteElo "2327"]
[BlackElo "2472"]
[PlyCount "112"]
[EventDate "2014.??.??"]
[WhiteClock "0:01:12"]
[BlackClock "0:03:04"]

1. d4 d5 2. c4 Nc6 3. Nc3 Nf6 4. Nf3 dxc4 5. d5 Na5 6. Qa4+ c6 7. b4 b5 8. Qxa5
Qxa5 9. bxa5 b4 10. Na4 cxd5 11. Bf4 e6 12. e3 Bd7 13. Nb2 Rc8 14. Ne5 Bb5 15.
Rc1 Be7 16. Be2 Ne4 17. Nd1 g5 18. Bg3 h5 19. f3 Nd6 20. h4 Nf5 21. Bf2 gxh4
22. e4 Ng3 23. Bxg3 hxg3 24. exd5 exd5 25. f4 h4 26. Ne3 Rd8 27. Bf3 Bc5 28.
Nxd5 Bf2+ 29. Kd1 f6 30. Ng4 Kf7 31. Nxf2 Bc6 32. Kc2 Bxd5 33. Bxd5+ Rxd5 34.
Ne4 Rxa5 35. Kb1 c3 36. Rc2 Kg7 37. Rd1 Kg6 38. Rd4 Rb5 39. Kc1 a5 40. Re2 Rb6
41. Rd5 a4 42. Ra5 b3 43. f5+ Kh5 44. axb3 axb3 45. Nxc3 Rc8 46. Kb2 Rbc6 47.
Re3 Rc5 48. Rxc5 Rxc5 49. Kxb3 Rxf5 50. Ne4 Kg4 51. Kc3 Rf1 52. Kd3 f5 53. Nd2
Rg1 54. Re2 Ra1 55. Re8 Rg1 56. Ke3 Re1+ 0-1

[Event "Skovbo GM 2014"]
[Site "?"]
[Date "2014.09.12"]
[Round "6.5"]
[White "Smith, Axel"]
[Black "Jepson, Christian"]
[Result "1-0"]
[WhiteElo "2481"]
[BlackElo "2406"]
[PlyCount "57"]
[EventDate "2014.??.??"]
[WhiteClock "0:04:00"]
[BlackClock "0:03:18"]

1. c4 e6 2. Nc3 d5 3. d4 Be7 4. cxd5 exd5 5. Bf4 c6 6. e3 Bf5 7. g4 Be6 8. h4
Nh6 9. g5 Nf5 10. Nf3 Bd6 11. Ne5 Nd7 12. Bd3 Nxe5 13. dxe5 Bb4 14. a3 Ba5 15.
Qc2 d4 16. b4 dxc3 17. bxa5 Ne7 18. a6 Qa5 19. axb7 Rb8 20. Rb1 Nd5 21. O-O
Qxa3 22. Rfc1 h6 23. Bg3 hxg5 24. hxg5 Qc5 25. Be4 Qe7 26. Bxd5 Bxd5 27. e4 Qe6
28. exd5 Qh3 29. Qe4 1-0

[Event "Skovbo GM 2014"]
[Site "?"]
[Date "2014.09.12"]
[Round "6.6"]
[White "Rosenkilde, Alexander"]
[Black "Skytte, Rasmus"]
[Result "0-1"]
[WhiteElo "2228"]
[BlackElo "2430"]
[PlyCount "62"]
[EventDate "2014.??.??"]
[WhiteClock "0:06:36"]
[BlackClock "0:14:34"]

1. d4 Nf6 2. c4 c5 3. d5 b5 4. cxb5 a6 5. bxa6 g6 6. Nc3 Bxa6 7. g3 d6 8. Bg2
Bg7 9. Nf3 Nfd7 10. h4 Nf6 11. Rb1 Nbd7 12. b3 Ng4 13. Bb2 O-O 14. h5 Qa5 15.
Qd2 Nde5 16. hxg6 fxg6 17. Nxe5 Nxe5 18. f4 Ng4 19. Bf3 Nf6 20. Kf2 Bc8 21. Rh4
Bd7 22. g4 Qb4 23. Kg2 Rxa2 24. Qd3 Rxb2 25. Rxb2 Qxf4 26. Rb1 Bxg4 27. Rbh1
Qg5 28. Bxg4 Nxg4 29. Qg3 Ne3+ 30. Kh3 Qxg3+ 31. Kxg3 Nf5+ 0-1

[Event "Skovbo GM 2014"]
[Site "?"]
[Date "2014.09.12"]
[Round "6.7"]
[White "Carstensen, Jacob"]
[Black "Pedersen, Henrik Dahl"]
[Result "1-0"]
[WhiteElo "2360"]
[BlackElo "2188"]
[PlyCount "103"]
[EventDate "2014.??.??"]
[WhiteClock "0:02:13"]
[BlackClock "0:03:24"]

1. d4 c5 2. d5 g6 3. e4 Bg7 4. Nf3 d6 5. Bb5+ Bd7 6. a4 Bxb5 7. axb5 Nd7 8. O-O
Ngf6 9. Nc3 O-O 10. Qe2 Ne8 11. Bf4 Ne5 12. Nd2 Nc7 13. Ra4 a6 14. Rfa1 Rb8 15.
bxa6 bxa6 16. Bxe5 Bxe5 17. Nc4 Bg7 18. R4a2 Rb4 19. Na4 e6 20. Nab6 exd5 21.
exd5 Re8 22. Qd3 Qe7 23. c3 Rb5 24. h3 Rb8 25. Na4 Bf8 26. Rd1 Qg5 27. Raa1 Ne8
28. Na3 Bg7 29. Qe2 Nf6 30. Nxb5 axb5 31. Nb6 Nh5 32. Ra6 Qd8 33. Qxb5 Nf4 34.
Qd7 Qf6 35. Qg4 h5 36. Qf3 Re8 37. Nc4 Re2 38. Rxd6 Nxh3+ 39. Kh2 Qxf3 40. gxf3
Nxf2 41. Rd8+ Kh7 42. Rd2 Be5+ 43. Kg2 Rxd2 44. Nxd2 Nd3 45. Nc4 Bf6 46. Rd7
Kg8 47. Nd6 Nxb2 48. Ne4 Kg7 49. Rc7 Be5 50. d6 Nd3 51. Rc8 Nf4+ 52. Kh1 1-0

[Event "Skovbo GM 2014"]
[Site "?"]
[Date "2014.09.12"]
[Round "6.8"]
[White "Sylvan, Jacob"]
[Black "Kjærgaard-Jensen, Jesper"]
[Result "1/2-1/2"]
[WhiteElo "2336"]
[BlackElo "2151"]
[PlyCount "82"]
[EventDate "2014.??.??"]
[WhiteClock "0:11:19"]
[BlackClock "0:02:35"]

1. d4 Nf6 2. Nf3 d5 3. c4 g6 4. Nc3 Bg7 5. Qb3 c6 6. g3 dxc4 7. Qxc4 O-O 8. Bg2
Be6 9. Qd3 Na6 10. O-O Nb4 11. Qd1 Nbd5 12. Re1 Nxc3 13. bxc3 Bd5 14. Qc2 Be4
15. Qb3 Nd5 16. Ba3 Re8 17. Rac1 b5 18. Ng5 Bxg2 19. Kxg2 Bh6 20. h4 Bxg5 21.
hxg5 Nb6 22. f4 Nc4 23. e4 Qd7 24. Bc5 f6 25. gxf6 exf6 26. Qc2 f5 27. e5 Qd5+
28. Kf2 Kf7 29. Rcd1 h5 30. e6+ Kg7 31. e7 Kf7 32. Re2 Rh8 33. Rde1 Rae8 34.
Qd3 h4 35. gxh4 Rxh4 36. Qg3 Rh6 37. Qg2 Qxg2+ 38. Kxg2 Rh4 39. Kg3 Rg4+ 40.
Kf3 Rh4 41. Kg3 Rg4+ 1/2-1/2

[Event "Skovbo GM 2014"]
[Site "?"]
[Date "2014.09.12"]
[Round "6.9"]
[White "Pedersen, Hans Dahl"]
[Black "Frisk, Ellinor"]
[Result "1/2-1/2"]
[WhiteElo "2178"]
[BlackElo "2302"]
[PlyCount "143"]
[EventDate "2014.??.??"]
[WhiteClock "0:04:29"]
[BlackClock "0:04:29"]

1. c4 e5 2. g3 c6 3. d4 e4 4. Bg2 d5 5. Nc3 Bb4 6. Qb3 Ba5 7. cxd5 cxd5 8. Bd2
Nf6 9. O-O-O O-O 10. Bg5 Bxc3 11. Qxc3 Nbd7 12. f3 h6 13. Bf4 Re8 14. Qc7 Qxc7+
15. Bxc7 b6 16. Bf4 Ba6 17. Kd2 Rac8 18. Rc1 e3+ 19. Kd1 Rxc1+ 20. Kxc1 g5 21.
Bd6 Rc8+ 22. Kb1 Rc4 23. Be5 Nxe5 24. dxe5 Nd7 25. f4 gxf4 26. Nf3 fxg3 27.
hxg3 Re4 28. Rd1 Nxe5 29. Rxd5 Nxf3 30. Bxf3 Re7 31. b4 Kg7 32. Rd6 Bb5 33. Kb2
f6 34. Kb3 Kg6 35. a4 Be8 36. a5 bxa5 37. bxa5 Bb5 38. a6 Re5 39. Kc3 Kf7 40.
Kd4 Kg6 41. Be4+ Kg5 42. Bd3 Bxd3 43. Kxd3 Re7 44. Rd4 f5 45. Rh4 Re6 46. Ra4
h5 47. Rd4 Rxa6 48. Kxe3 Re6+ 49. Kf3 a5 50. Ra4 Re5 51. Kf2 Kf6 52. Kf3 Rb5
53. Kf2 Kg5 54. Kf3 Rc5 55. Kf2 f4 56. gxf4+ Kg4 57. Kg2 Rb5 58. Kh2 Rf5 59.
Kg2 h4 60. e4 Rxf4 61. Rxa5 h3+ 62. Kg1 Rf3 63. Ra8 Rg3+ 64. Kh1 Re3 65. Rg8+
Kf4 66. Rf8+ Kg3 67. Rg8+ Kf4 68. Rf8+ Ke5 69. Re8+ Kd4 70. Kh2 Rxe4 71. Rxe4+
Kxe4 72. Kxh3 1/2-1/2

[Event "Skovbo GM 2014"]
[Site "?"]
[Date "2014.09.12"]
[Round "6.10"]
[White "Eriksson, Christian Altenburg"]
[Black "Akdag, Dara Sevkan"]
[Result "1-0"]
[WhiteElo "2130"]
[BlackElo "2228"]
[PlyCount "91"]
[EventDate "2014.??.??"]
[WhiteClock "0:03:12"]
[BlackClock "0:00:33"]

1. e4 c5 2. Nc3 e6 3. f4 Nc6 4. Nf3 Nf6 5. Bb5 Nd4 6. a4 Nxb5 7. axb5 d5 8. d3
d4 9. Ne2 Bd7 10. O-O Bxb5 11. Ng3 Be7 12. f5 Bd7 13. Ne5 O-O 14. Qe2 Qc7 15.
Bf4 Bd6 16. Nxd7 Nxd7 17. Bxd6 Qxd6 18. f6 g6 19. e5 Qxe5 20. Ne4 c4 21. Qd2 g5
22. h4 cxd3 23. cxd3 Kh8 24. hxg5 b5 25. Ra5 Nc5 26. Nxc5 Qxc5 27. g6 fxg6 28.
f7 a6 29. Qf4 Qf5 30. Qxd4+ e5 31. Qe3 Qe6 32. d4 Rxf7 33. Rxf7 Qxf7 34. dxe5
Qe6 35. Ra1 Re8 36. Re1 Kg7 37. b4 Re7 38. Qc5 Rd7 39. Rf1 Qe7 40. Qc6 Rc7 41.
Qb6 Rc4 42. e6 Qxb4 43. Rf7+ Kh6 44. Qe3+ g5 45. e7 Qb1+ 46. Rf1 1-0

[Event "Skovbo GM 2014"]
[Site "Skovbo Kulturhus"]
[Date "2014.09.12"]
[Round "6.11"]
[White "Høi, Carsten"]
[Black "Henriksen, Kasper"]
[Result "1-0"]
[WhiteElo "2399"]
[BlackElo "1979"]
[PlyCount "89"]
[EventDate "2014.??.??"]
[WhiteTeam "Brønshøj Skakforening"]
[BlackTeam "Køge Skakklub"]

1. d4 f5 2. Nc3 d5 3. Bg5 c6 4. e3 Nd7 5. Bd3 Ndf6 6. Nge2 e6 7. Nf4 Bd6 8. Qf3
e5 9. dxe5 Bxe5 10. Nh5 g6 11. Nf4 Qa5 12. Nfe2 Ne4 13. Bf4 Bg7 14. Bxe4 dxe4
15. Qg3 Nf6 16. Bc7 Qc5 17. Bd6 Qa5 18. b4 Qd8 19. h3 Kf7 20. Rd1 Be6 21. Bc5
Qb8 22. Bd6 Qc8 23. O-O Bc4 24. Rfe1 a5 25. a3 axb4 26. axb4 Ra3 27. Be5 Rd8
28. Qh4 h6 29. Rxd8 Qxd8 30. Rd1 Qxd1+ 31. Nxd1 Bxe2 32. Bb2 g5 33. Qg3 f4 34.
Qh2 Ra2 35. exf4 Bxd1 36. Bxf6 Bxf6 37. f5 Bxc2 38. Qc7+ Be7 39. Qxb7 e3 40.
fxe3 Be4 41. Qd7 Ra1+ 42. Kh2 Bd5 43. e4 Bb3 44. f6 Kxf6 45. Qd4+ 1-0

[Event "Skovbo GM 2014"]
[Site "Skovbo Kulturhus"]
[Date "2014.09.12"]
[Round "6.12"]
[White "Brinck-Claussen, Bjørn"]
[Black "Andersen, Troels Bækgård"]
[Result "1-0"]
[WhiteElo "2234"]
[BlackElo "1919"]
[PlyCount "55"]
[EventDate "2014.??.??"]
[WhiteTeam "Sjælsø Skakklub"]
[BlackTeam "Roskilde Skakklub"]

1. d4 Nf6 2. c4 e6 3. Nc3 d5 4. cxd5 exd5 5. Bg5 Be7 6. e3 c6 7. Qc2 Nbd7 8.
Bd3 O-O 9. Nf3 Re8 10. O-O Nf8 11. h3 h6 12. Bf4 Bd6 13. Bxd6 Qxd6 14. Rab1
N6h7 15. b4 Qf6 16. Ne5 Ng5 17. f4 Nge6 18. b5 Nc7 19. bxc6 bxc6 20. Na4 Ba6
21. Nc5 Bxd3 22. Qxd3 Nb5 23. a4 Nd6 24. Nxc6 Nc4 25. Ne5 Nxe5 26. fxe5 Qc6 27.
Rb7 Qg6 28. Qxg6 1-0

[Event "Skovbo GM 2014"]
[Site "Skovbo Kulturhus"]
[Date "2014.09.12"]
[Round "6.13"]
[White "Vovk, Oksana"]
[Black "Stojanovski, Sandi"]
[Result "1/2-1/2"]
[WhiteElo "2070"]
[BlackElo "2174"]
[PlyCount "49"]
[EventDate "2014.??.??"]
[WhiteTeam "Næstved Skakklub"]
[BlackTeam "Skakklubben K41"]

1. d4 Nf6 2. Nf3 e6 3. c4 Bb4+ 4. Bd2 Qe7 5. g3 Nc6 6. Nc3 Bxc3 7. Bxc3 Ne4 8.
Rc1 O-O 9. Bg2 Nxc3 10. Rxc3 d6 11. d5 Nd8 12. O-O Bd7 13. Qd2 f6 14. Rfc1 c6
15. dxe6 Bxe6 16. Nd4 Bc8 17. Re3 Qc7 18. Rd1 Nf7 19. Ne6 Bxe6 20. Rxe6 Rae8
21. Qe3 Qd7 22. Rxe8 Rxe8 23. Qd2 Qg4 24. e4 Qh5 25. b3 1/2-1/2

[Event "Skovbo GM 2014"]
[Site "Skovbo Kulturhus"]
[Date "2014.09.12"]
[Round "6.15"]
[White "Hein, Jacob"]
[Black "Sørensen, Bernhard W"]
[Result "0-1"]
[WhiteElo "1450"]
[BlackElo "1684"]
[PlyCount "96"]
[EventDate "2014.??.??"]
[WhiteTeam "Espergærde Skakklub"]
[BlackTeam "Hillerød Skakklub"]

1. d4 e6 2. e4 d5 3. Nc3 Nf6 4. Bg5 Be7 5. e5 Nfd7 6. Bxe7 Qxe7 7. Qg4 f6 8. f4
O-O 9. h4 fxe5 10. O-O-O exf4 11. Bd3 Qf7 12. Nf3 Nf6 13. Qxf4 g6 14. Ne5 Qg7
15. Qg5 Nbd7 16. Nxg6 hxg6 17. Bxg6 Nh7 18. Bxh7+ Kxh7 19. Qxg7+ {(=)} Kxg7 20.
g4 c6 21. Rde1 Nf6 22. Re5 Nh7 23. h5 Kh6 24. Kd1 Rf4 25. Ne2 Rxg4 26. Rf1 Rg7
27. Nf4 Ng5 28. Ke2 Bd7 29. Ke3 Rf8 30. Rh1 Rgf7 31. Rxg5 Kxg5 32. h6 Rxf4 33.
h7 Re4+ 34. Kd3 Rh8 35. c3 Rh4 36. Rg1+ Rg4 37. Rf1 Rxh7 38. Kc2 Kg6 39. Rf2
Kg7 40. Kb3 Rh6 41. Kb4 b6 42. a4 e5 43. Rd2 e4 44. a5 e3 45. Re2 Re4 46. b3
Bg4 47. axb6 axb6 48. Ra2 e2 0-1

[Event "Skovbo GM 2014"]
[Site "Skovbo Kulturhus"]
[Date "2014.09.12"]
[Round "6.16"]
[White "Jacobsen, Mikkel Manosri"]
[Black "Johansson, Alexander"]
[Result "0-1"]
[WhiteElo "1886"]
[BlackElo "2083"]
[PlyCount "62"]
[EventDate "2014.??.??"]
[WhiteTeam "BMS Skak"]

1. d4 Nf6 2. Nc3 d5 3. Bg5 g6 4. f3 Bg7 5. e4 Be6 6. Nge2 dxe4 7. fxe4 O-O 8.
d5 Bg4 9. Qd2 Na6 10. h3 Bc8 11. O-O-O b5 12. e5 Nd7 13. d6 cxd6 14. exd6 Qa5
15. dxe7 Re8 16. Qd5 Nc7 17. Qe4 b4 18. Nd5 Ne6 19. Be3 Qxa2 20. Nxb4 Qxb2+ 21.
Kd2 Ndc5 22. Bxc5 Nxc5 23. Qxa8 Qxb4+ 24. Ke3 Rxe7+ 25. Kf3 Re8 26. Qxa7 Qe4+
27. Kg3 Qe5+ 28. Nf4 Qe3+ 29. Kh2 Qxf4+ 30. g3 Re2+ 31. Bg2 Rxg2+ 0-1

[Event "Skovbo GM 2014"]
[Site "Skovbo Kulturhus"]
[Date "2014.09.12"]
[Round "6.17"]
[White "Kokholm, Daniel"]
[Black "Madsen, Michael Ole"]
[Result "0-1"]
[WhiteElo "1915"]
[BlackElo "2077"]
[PlyCount "54"]
[EventDate "2014.??.??"]
[WhiteTeam "Skakklubben K41"]
[BlackTeam "Allerød Skakklub"]

1. e4 c6 2. Bc4 d5 3. Bb3 dxe4 4. Qh5 g6 5. Qh4 Nf6 6. Nc3 Bf5 7. f3 exf3 8.
Nxf3 Na6 9. Ne5 e6 10. d4 Be7 11. Qf4 Nb4 12. Qf2 Bxc2 13. Bxc2 Qxd4 14. Bb1
Qxe5+ 15. Ne2 Bc5 16. Qf3 Nbd5 17. a3 Be3 18. Bxe3 Nxe3 19. Qg3 Qxg3+ 20. hxg3
O-O-O 21. Nc3 Nfd5 22. Ke2 Nf5 23. Kf3 Nd4+ 24. Kf2 Nb3 25. Ra2 Nf6 26. Kf3 Rd7
27. Bc2 Nd4+ 0-1

[Event "Skovbo GM 2014"]
[Site "Skovbo Kulturhus"]
[Date "2014.09.12"]
[Round "6.18"]
[White "Knudsen, Jes Jacob West"]
[Black "Møller, Claus Kronholm"]
[Result "1-0"]
[WhiteElo "1917"]
[BlackElo "1892"]
[PlyCount "83"]
[EventDate "2014.??.??"]
[WhiteTeam "Allerød Skakklub"]
[BlackTeam "Skovbo Skakklub"]

1. e4 c6 2. d4 d5 3. f3 dxe4 4. fxe4 Nf6 5. e5 Nd5 6. c4 Nb6 7. Nc3 Bf5 8. Bd3
Qxd4 9. Bxf5 Qxe5+ 10. Be4 f5 11. Nf3 Qe6 12. Ng5 Qe5 13. O-O fxe4 14. Nf7 Qc5+
15. Kh1 N8d7 16. Nxh8 O-O-O 17. Nf7 Re8 18. Nxe4 Qxc4 19. Qf3 Nf6 20. Qf5+ Kb8
21. Bf4+ Ka8 22. Nfg5 e6 23. Qe5 Nbd7 24. Qc3 Qb5 25. Nxf6 Nxf6 26. a4 Qb6 27.
a5 Qb5 28. Qe5 Qb3 29. Rf3 Qd5 30. Re1 Qxe5 31. Rxe5 h6 32. Nxe6 Bd6 33. Re2
Bxf4 34. Nxf4 Rd8 35. h3 a6 36. Rd3 Rf8 37. Re7 Ng4 38. hxg4 Rxf4 39. Rd8+ Ka7
40. Rxg7 h5 41. Rdd7 Rb4 42. Rxb7+ 1-0

[Event "Skovbo GM 2014"]
[Site "Skovbo Kulturhus"]
[Date "2014.09.12"]
[Round "6.20"]
[White "Skjoldager, Flemming"]
[Black "Stuhr, Peter Sebastian"]
[Result "0-1"]
[WhiteElo "1876"]
[BlackElo "1942"]
[PlyCount "100"]
[EventDate "2014.??.??"]
[WhiteTeam "Holbæk Skakklub"]
[BlackTeam "Køge Skakklub"]

1. e4 d6 2. d4 Nf6 3. Nc3 e5 4. dxe5 dxe5 5. Qxd8+ Kxd8 6. Bc4 Bb4 7. Bg5 Bxc3+
8. bxc3 Be6 9. Bxe6 fxe6 10. O-O-O+ Nbd7 11. f3 c6 12. Nh3 Kc7 13. Be3 h6 14.
Rd3 Nb6 15. Rhd1 Nc4 16. Bc5 Rhd8 17. Be7 Re8 18. Bxf6 gxf6 19. Rd7+ Kb6 20. g3
f5 21. Rf7 Rad8 22. Nf2 Rf8 23. Rxf8 Rxf8 24. Nd3 {(=)} fxe4 25. fxe4 Rf3 26.
Re1 Kb5 27. Kb1 b6 28. Kc1 c5 29. Kb1 a5 30. Kc1 a4 31. Kb1 a3 32. Kc1 Kc6 33.
Kd1 Kd6 34. Kc1 Ke7 35. Re2 Rf1+ 36. Re1 Rxe1+ 37. Nxe1 Nd6 38. Nd3 Nxe4 39.
Nxe5 b5 40. c4 b4 41. Kb1 Kf6 42. Nd3 e5 43. Nc1 Ke6 44. Ne2 Kf5 45. Kc1 Kg4
46. Ng1 Nc3 47. Kd2 Nxa2 48. Ne2 Nc3 49. Nxc3 bxc3+ 50. Kxc3 e4 0-1

[Event "Skovbo GM 2014"]
[Site "Skovbo Kulturhus"]
[Date "2014.09.12"]
[Round "6.21"]
[White "Pawlak, Wojciech Zbigniew"]
[Black "Kristensen, Bjarke Hautop"]
[Result "0-1"]
[WhiteElo "1705"]
[BlackElo "1936"]
[PlyCount "78"]
[EventDate "2014.??.??"]
[WhiteTeam "Køge Skakklub"]
[BlackTeam "Sorø Skakklub"]

1. c4 c5 2. g3 g6 3. Bg2 Bg7 4. Nc3 Nc6 5. Nf3 e6 6. O-O Nge7 7. a3 O-O 8. Rb1
d5 9. cxd5 exd5 10. d3 b6 11. Bf4 d4 12. Ne4 Nd5 13. Bc1 Bb7 14. h4 h6 15. Ne1
f5 16. Nd2 Ne5 17. b4 Nc3 18. Qb3+ c4 19. Nxc4 Bxg2 20. Nxg2 Nxb1 21. Nxe5+ Kh7
22. Nf4 Bxe5 23. Qxb1 {(=)} Re8 24. Re1 Rc8 25. Qb3 Qd7 26. Bd2 Kg7 27. h5 g5
28. Ng6 Bf6 29. b5 Rc5 30. a4 Qe6 31. Qxe6 Rxe6 32. Bb4 Rc2 33. a5 Rexe2 34.
Rxe2 Rxe2 35. Kf1 Rb2 36. Bf8+ Kh7 37. f4 Rxb5 38. fxg5 hxg5 39. axb6 axb6 0-1

[Event "Skovbo GM 2014"]
[Site "Skovbo Kulturhus"]
[Date "2014.09.12"]
[Round "6.22"]
[White "Mølvig, Julius"]
[Black "Severinsen, Frank"]
[Result "1-0"]
[WhiteElo "1913"]
[BlackElo "1801"]
[PlyCount "55"]
[EventDate "2014.??.??"]
[WhiteTeam "BMS Skak"]
[BlackTeam "Skakklubben K41"]

1. d4 Nf6 2. c4 e6 3. Nf3 d5 4. Nc3 Bb4 5. Bg5 Nbd7 6. e3 Bxc3+ 7. bxc3 h6 8.
Bh4 c6 9. Bd3 dxc4 10. Bxc4 Qa5 11. Qc2 Nd5 12. Rc1 b5 13. Bd3 Bb7 14. O-O Rc8
15. Nd2 a6 16. Ne4 Qc7 17. Bg3 e5 18. dxe5 Nxe5 19. Nc5 Rb8 20. Bf5 Qe7 21.
Bxe5 Qxe5 22. Nd7 Qd6 23. Nxb8 Qxb8 24. c4 Ne7 25. Be4 O-O 26. cxb5 axb5 27.
Rfd1 Qc8 28. Bf3 1-0

[Event "Skovbo GM 2014"]
[Site "Skovbo Kulturhus"]
[Date "2014.09.12"]
[Round "6.23"]
[White "Simonsen, Per Barndorff"]
[Black "Sørensen, Lindved"]
[Result "1-0"]
[WhiteElo "1869"]
[BlackElo "1728"]
[PlyCount "99"]
[EventDate "2014.??.??"]
[WhiteTeam "Ishøj Skakklub"]
[BlackTeam "Faxe Skakklub"]

1. d4 Nf6 2. c4 c5 3. d5 e6 4. Nc3 exd5 5. cxd5 d6 6. e4 g6 7. Bd3 Bg7 8. Bg5
O-O 9. Qd2 a6 10. a4 Re8 11. f3 Nbd7 12. Nh3 Ne5 13. Be2 Bd7 14. Nf2 Qc7 15.
Bxf6 Bxf6 16. f4 Ng4 17. Nxg4 Bxg4 18. Bxg4 Bxc3 19. bxc3 Rxe4+ 20. Kf2 Qa5 21.
Rhe1 Rae8 22. Bf3 Rxe1 23. Rxe1 Rxe1 24. Qxe1 Qxa4 25. g3 Kg7 26. Qc1 Qc4 27.
Qb2 b5 28. Be2 Qxd5 29. c4+ Qd4+ 30. Qxd4+ cxd4 31. cxb5 axb5 32. Bxb5 h6 33.
Ke2 g5 34. Kd3 Kf6 35. Bd7 Ke7 36. Bc8 Kf6 37. Kxd4 h5 38. Kd5 gxf4 39. gxf4
Ke7 40. h4 f6 41. f5 Ke8 42. Kxd6 Kf7 43. Ba6 Kf8 44. Ke6 Kg7 45. Ke7 Kg8 46.
Kxf6 Kf8 47. Be2 Kg8 48. Bxh5 Kf8 49. Be2 Kg8 50. Ke7 1-0

[Event "Skovbo GM 2014"]
[Site "Skovbo Kulturhus"]
[Date "2014.09.12"]
[Round "6.24"]
[White "Petersen, Henry"]
[Black "Jørgensen, Orla Eilegaard"]
[Result "0-1"]
[WhiteElo "1455"]
[BlackElo "1568"]
[PlyCount "74"]
[EventDate "2014.??.??"]
[WhiteTeam "Køge Skakklub"]
[BlackTeam "Allerød Skakklub"]

1. e4 c6 2. d4 d5 3. Nc3 dxe4 4. Nxe4 g6 5. Be3 Bg7 6. Be2 Nf6 7. Nxf6+ exf6 8.
Qd2 O-O 9. Nf3 Bf5 10. Bd3 Bg4 11. Be2 Nd7 12. h3 Bf5 13. O-O-O a5 14. g4 Be6
15. a3 b5 16. c3 b4 17. cxb4 axb4 18. Qxb4 Rb8 19. Qd2 Nb6 20. Ne1 {(=)} Bb3
21. Nc2 Na4 22. Rdf1 Bd5 23. Nb4 Bxh1 24. Rxh1 {(=)} Qd7 25. Qc2 Nb6 26. Kb1
Rfe8 27. Qxc6 Qxc6 28. Nxc6 Rbc8 29. Nb4 Bf8 30. Nd3 Nd5 31. Bd1 Nxe3 32. fxe3
Rxe3 33. Bc2 Rb8 34. Ka2 Rd8 35. a4 Rxd4 36. Nc1 Rd2 37. Bd1 Ba3 0-1

[Event "Skovbo GM 2014"]
[Site "Skovbo Kulturhus"]
[Date "2014.09.12"]
[Round "6.25"]
[White "Schmidt, Horst Hubert"]
[Black "Hagerup, Per"]
[Result "1-0"]
[WhiteElo "1754"]
[BlackElo "1664"]
[PlyCount "148"]
[EventDate "2014.??.??"]
[WhiteTeam "Brønshøj Skakforening"]
[BlackTeam "Tølløse Skakklub"]

1. d4 d5 2. Nf3 Nf6 3. e3 e6 4. c4 Bb4+ 5. Bd2 Bd6 6. c5 Be7 7. b4 c6 8. a4 Ne4
9. Nc3 Nd7 10. b5 f5 11. a5 Nxd2 12. Qxd2 Bf6 13. a6 bxa6 14. bxc6 Nb8 15. Qa2
Nxc6 16. Bxa6 O-O 17. Bxc8 Qxc8 18. Qa6 Qxa6 19. Rxa6 Nb4 20. Rxe6 Rfe8 21.
Rxe8+ Rxe8 22. O-O a5 23. Na4 Rc8 24. Nb6 Rc7 25. Nd2 f4 26. Nb3 fxe3 27. fxe3
a4 28. Nxa4 Nc2 29. Nb6 Nxe3 30. Ra1 h6 31. Ra8+ Kh7 32. h3 Bh4 33. Re8 Rf7 34.
Nd2 Bf2+ 35. Kh2 Nf5 36. Nxd5 Bg3+ 37. Kg1 Nxd4 38. Nf3 Ra7 39. Nd2 Ra1+ 40.
Nf1 Rc1 41. Re4 Nf5 42. Ne7 Nxe7 43. Rxe7 Bh4 44. Re5 Bf6 45. Rd5 Rxc5 46. Rxc5
Bd4+ 47. Kh2 Bxc5 48. Kg3 Kg6 49. Nd2 Kf5 50. Kf3 g5 51. Ne4 Be7 52. g4+ Ke5 {
(=)} 53. Ng3 Bf8 54. Nf5 h5 55. Ng3 h4 56. Nf5 Bc5 57. Nh6 Bg1 58. Nf7+ Kf6 59.
Nd6 Bh2 60. Nc4 Bf4 61. Ke4 Ke6 62. Nb6 Bc1 63. Na4 Bd2 64. Nc5+ Kf6 65. Kd5
Bf4 66. Nd7+ Kf7 67. Nc5 Kf6 68. Ne6 Bc1 69. Nc5 Bf4 70. Nd3 Bg3 71. Nb4 Bf4
72. Ke4 Ke6 73. Nd3 Bd2 74. Ne5 Kf6 {TIME} 1-0